| Tag |
First Indicator |
Second Indicator |
Subfields |
| LEADER |
00000cam a2200000 4500 |
| 001 |
in00000062832 |
| 005 |
20151008050635.0 |
| 008 |
740724s1947 inu 00000 eng |
| 010 |
|
|
|a 47002894
|
| 035 |
|
|
|a (OCoLC)00960957
|
| 035 |
|
|
|9 AAG2321AM
|
| 040 |
|
|
|c HRM
|d OCL
|d TXA
|d UtOrBLW
|
| 049 |
|
|
|a TXAM
|c [144242]
|
| 050 |
|
0 |
|a HJ2377
|b .P3
|
| 082 |
0 |
|
|a 336.2
|
| 092 |
|
|
|a 336.2
|b P324t
|
| 100 |
1 |
|
|a Paul, Randolph Evernghim,
|d 1890-
|
| 245 |
1 |
0 |
|a Taxation for prosperity /
|c by Randolph E. Paul.
|
| 264 |
|
1 |
|a Indianapolis,
|a New York :
|b The Bobbs-Merrill company,
|c [1947]
|
| 300 |
|
|
|a 448 pages ;
|c 23 cm.
|
| 336 |
|
|
|a text
|b txt
|2 rdacontent
|
| 337 |
|
|
|a unmediated
|b n
|2 rdamedia
|
| 338 |
|
|
|a volume
|b nc
|2 rdacarrier
|
| 500 |
|
|
|a "First edition."
|
| 650 |
|
0 |
|a Taxation
|z United States.
|
| 999 |
|
|
|a MARS
|
| 999 |
f |
f |
|s 1b4f387d-c515-38e0-aed6-015bdef0ccad
|i 43a05545-c508-3b82-be49-a76d7ceb07d5
|t 0
|
| 952 |
f |
f |
|p ric
|a Texas A&M University
|b Rellis Campus
|c Joint Library Facility
|d Remote Storage
|t 0
|e HJ2377 .P3
|h Library of Congress classification
|i unmediated -- volume
|m A14800748485
|
| 998 |
f |
f |
|a HJ2377 .P3
|t 0
|l Remote Storage
|